00543nam a2200193Ia 4500003000900000008004100009020001800050040001600068080001500084110003300099245007900132250001200211260003200223300001000255650004100265650001700306650001800323650000800341IN-BaIIA211028s9999 xx 000 0 eng d a0-89599-006-7 cIIA Library a523.9bSMI aSmithsonian Exposition Books 0aFire of lifecSmithsonian Exposition Books  a1st ed. aNew YorkbW. W Nortonc1981 a262p. aAstronomy and astrophysics thesaurus aSolar energy aSolar physics aSun